000 00413nam a2200133Ia 4500
008 100328s9999 xx 000 0 und d
082 _b14175
100 _aबागूल देविदास
245 _aआस्तिक नास्तिक
260 _bकल्पना
630 _aआस्तिक नास्तिक
730 _aआस्तिक नास्तिक
942 _cBOOK
999 _c509169
_d509166